| 000 | 00474nam a2200145Ia 4500 | ||
|---|---|---|---|
| 008 | 210430s9999 xx 000 0 und d | ||
| 020 | _a0130085103 (hardcover) | 97801 | ||
| 082 | _a621.38275 P1708 F | ||
| 100 |
_aPalais, Joseph C. _954312 |
||
| 245 |
_aFiber optic communications / _cPalais, Joseph C. |
||
| 260 |
_a[S.l.] : _bPrentice Hall, _c2004 |
||
| 300 | _a456 p. ; | ||
| 856 | _uhttp://www.amazon.com/exec/obidos/ASIN/0130085103/chopaconline-20 | ||
| 942 |
_cBK _2ddc |
||
| 999 |
_c564817 _d564817 |
||